Indo-European Languages of the Greater Caribbean with Map - Statistics

General Stats
  • This quiz has been taken 1,080 times
  • The average score is 11 of 28
Answers on the Map
Answers color-coded by a green-red scale on the quiz's map according to % correct below.
 
Answer Stats
Answer % Correct
Spanish
100%
English
99%
French
97%
Dutch
94%
Haitian Creole
88%
Portuguese
87%
Jamaican Patois
70%
Trinidadian Creole
42%
Bahamian Creole
41%
Bajan Creole
38%
Belizean Creole
31%
Leeward Creole
31%
Guyanese Creole
29%
Louisiana Creole
28%
Grenadian Creole
24%
Sranan Tongo
24%
Caribbean Hindustani
22%
Miskito Coast Creole
22%
Papiamento
22%
Tobagonian Creole
17%
Virgin Islands Creole
17%
Antillean Creole
16%
Bermudian Creole
16%
Turks and Caicos Creole
14%
French Guianese Creole
11%
Vincentian Creole
10%
San Andrés-Providencia Creole
6%
Palenquero
2%
No matching quizzes found
Score Distribution
Percent of People with Each Score
Percentile by Number Answered
Your Score History
You have not taken this quiz